Diseño de estructura de pavimento articulado de 3.0 Km del tramo de carretera empalme de Sesteo – hasta comunidad la Tijera, ubicado en el municipio de Estelí, por método de AASHTO-93
Presenta el diseño de estructura de pavimento articulado de 3.0 Km del tramo de carretera empalme de Sesteo – hasta comunidad la Tijera, ubicado en el municipio de Estelí, por método de AASHTO-93 en el cual se realizó un estudio de tráfico por medio de aforo vehicular así como un estudio geote...
| Main Authors: | , |
|---|---|
| Other Authors: | |
| Format: | Tesis Section = Libro |
| Language: | Undetermined Spanish |
| Published: |
Estelí
UNI/RUACS
2018
|
| Subjects: |
| LEADER | 01380nam a2200277Ia 4500 | ||
|---|---|---|---|
| 008 | 240830s9999 xx 000 0 und d | ||
| 040 | |a BIBLIOTECA-RUPAP Mon 625.85 F634 | ||
| 041 | |a spa | ||
| 082 | |a Mon 625.85 F634 | ||
| 100 | 1 | |a Flores Cerrato, Carlos Javier | |
| 100 | 1 | |b García Rodríguez, Alcides David | |
| 245 | 1 | 0 | |a Diseño de estructura de pavimento articulado de 3.0 Km del tramo de carretera empalme de Sesteo – hasta comunidad la Tijera, ubicado en el municipio de Estelí, por método de AASHTO-93 |
| 260 | |a Estelí |b UNI/RUACS |c 2018 | ||
| 300 | |a 88 p. :il. | ||
| 500 | |a Contiene anexos y CD | ||
| 502 | |a Tesis (Ingeniero Civil)- UNI, 2018. | ||
| 520 | 3 | |a Presenta el diseño de estructura de pavimento articulado de 3.0 Km del tramo de carretera empalme de Sesteo – hasta comunidad la Tijera, ubicado en el municipio de Estelí, por método de AASHTO-93 en el cual se realizó un estudio de tráfico por medio de aforo vehicular así como un estudio geotécnico del tramo y de los bancos de materiales locales. | |
| 650 | 7 | |a PAVIMENTO ARTICULADO – DISEÑO Y CONSTRUCCION | |
| 650 | 7 | |b PAVIMENTOS DE ASFALTO | |
| 650 | 7 | |c MATERIALES PARA CARRETERAS | |
| 650 | 7 | |d BANCO DE MATERIALES | |
| 650 | 7 | |e CARRETERAS – MANTENIMIENTO Y REPARACION | |
| 700 | 1 | |a Tutor: |b Sierra Mercado, Jimmy | |
| 942 | |c BK |2 ddc | ||
| 991 | |a TESIS | ||
| 999 | |c 16085 | ||